Tuyển tập Tản Đà T.2

Guardat en:
Dades bibliogràfiques
Autor principal: Tản Đà
Altres autors: Mai Thu Huyền (b.s.), Trần Ngọc Vương (b.s.)
Format: Llibre
Idioma:Vietnamese
Publicat: Hà Nội Hà Nội 2019
Col·lecció:Tủ sách Thăng Long 1000 năm
Matèries:
Etiquetes: Afegir etiqueta
Sense etiquetes, Sigues el primer a etiquetar aquest registre!
Thư viện lưu trữ: Trung tâm Học liệu Lê Vũ Hùng, Trường Đại học Đồng Tháp
LEADER 01030pam a22003138a 4500
001 00046143
008 201215s2019####-vm#################vie|d
005 20201215161210.0
020 # # |c 0  |a 9786045541456 
041 0 # |a vie 
082 0 4 |a 895.922 132  |b T527T 
100 0 # |a Tản Đà 
245 1 0 |a Tuyển tập Tản Đà  |c Trần Ngọc Vương, Mai Thu Huyền (b.s.)  |n T.2 
260 # # |a Hà Nội  |b Hà Nội  |c 2019 
300 # # |a 663tr.  |c 24cm 
490 # # |a Tủ sách Thăng Long 1000 năm 
504 # # |a Phụ lục: tr. 528-638. - Thư mục: tr. 639-660 
651 # 7 |2 Bộ TK TVQG  |a Việt Nam 
653 # # |a Tác giả 
653 # # |a Tác phẩm 
653 # # |a Việt Nam 
653 # # |a Văn học hiện đại 
700 1 # |a Mai Thu Huyền  |e b.s. 
700 1 # |a Trần Ngọc Vương  |e b.s. 
852 # # |j KD.0027677 
920 |a Tản Đà 
930 |a 444207  |b 10/10/2019 
941 |a DP  |b GK 
980 # # |a Trung tâm Học liệu Lê Vũ Hùng, Trường Đại học Đồng Tháp